Gaming Quiz

Random Gaming or Nintendo Quiz

Legend of Zelda Swords Quiz Stats

 Plays Quiz Updated Sep 4, 2015

Score 0/28 Timer 06:00
0 Plays Today
First Appeared Sword % Correct
A Link to the PastMaster Sword
90.5%
The Legend of ZeldaWooden Sword
64.3%
Ocarina of TimeKokiri Sword
59.8%
Ocarina of TimeBiggoron's Sword
58.7%
Link's AwakeningSword
43.5%
The Legend of ZeldaMagical Sword
39.6%
The Legend of ZeldaWhite Sword
38.8%
A Link to the PastGolden Sword
37.7%
Wind WakerHero's Sword
36.6%
Ocarina of TimeGiant's Knife
35.7%
Majora's MaskGreat Fairy's Sword
35%
Majora's MaskGilded Sword
34.4%
Majora's MaskRazor Sword
33.6%
Minish CapFour Sword
32.8%
First Appeared Sword % Correct
A Link to the PastTempered Sword
31.4%
Twilight PrincessOrdon Sword
29.6%
Majora's MaskFierce Deity Sword
27.9%
Phantom HourglassPhantom Sword
25.7%
Twilight PrincessLight-Infused Master Sword
24.8%
A Link to the PastFighter's Sword
19.3%
Link's AwakeningSeashell Sword
15.8%
Spirit TracksLokomo Sword
15.7%
Skyward SwordPractice Sword
15.4%
OraclesNoble Sword
13.6%
Minish CapSmith's Sword
13.5%
Phantom HourglassOshus's Sword
11.9%
A Link Between WorldsForgotten Sword
10.8%
Spirit TracksRecruit's Sword
10.2%

You're not logged in!

Compare scores with friends on all Sporcle quizzes.
OR
Log In

Sporcle TV

Today on Sporcle TV


Watch our educational content, quiz creation guides, and fun videos on Sporcle TV.

Show Comments

Extras

Top Quizzes Today


Score Distribution

Your Account Isn't Verified!

In order to create a playlist on Sporcle, you need to verify the email address you used during registration. Go to your Sporcle Settings to finish the process.

Report this User

Report this user for behavior that violates our Community Guidelines.

Details: